Trama y fibra: tecnología temprana en fibra vegetal
Gorde:
| Egile nagusia: | |
|---|---|
| Formatua: | Liburua |
| Hizkuntza: | gaztelania |
| Argitaratua: |
Arica
Universidad de Tarapacá
2017
|
| Edizioa: | 1a. ed |
| Gaiak: | |
| Etiketak: |
Etiketa erantsi
Etiketarik gabe, Izan zaitez lehena erregistro honi etiketa jartzen!
|
MARC
| LEADER | 00000cam a2200000 a 4500 | ||
|---|---|---|---|
| 001 | UCC2975 | ||
| 003 | CL-VaPUC | ||
| 008 | 180329e20170000cl |||||||||||||||||spa|d | ||
| 082 | 0 | 4 | |a 745.5 |b SAN |2 21 |
| 100 | 0 | |a Santos Varela, Mariela |e author |9 596975 | |
| 245 | 1 | 0 | |a Trama y fibra: tecnología temprana en fibra vegetal |
| 250 | |a 1a. ed | ||
| 300 | |a 57 p | ||
| 942 | |c BK | ||
| 945 | |d 20180329 11:34:00 |a arojas | ||
| 260 | |a Arica |b Universidad de Tarapacá |c 2017 | ||
| 650 | 7 | |a FIBRAS |2 CL-VaPUC |9 596976 | |
| 650 | 0 | |a Artes y oficios |9 433654 | |
| 650 | 0 | |a Artesanos |9 269213 | |
| 650 | 0 | |a Artesanía chilena |9 562669 | |
| 651 | 0 | |a Arica |9 309332 | |
| 651 | 7 | |a CHILE |2 CL-VaPUC |9 596977 | |
| 583 | |a last modification |c 20180329 11:34:00 |k Rodrigo Vera | ||
| 999 | |c 370851 |d 370849 | ||
| 952 | |0 0 |1 0 |3 erb |4 0 |6 745_500000000000000_SAN_2017 |7 0 |8 A |9 487537 |a BIBARQ |b BIBARQ |i 5460662 |l 3 |o 745.5 SAN 2017 |p 5460662 |r 2025-01-20 |s 2024-08-26 |w 2019-11-24 |y BK |z Catalogado en:20180329 |k ARQ | ||